| 000 -LEADER |
| fixed length control field |
01204nam a2200277 a 4500 |
| 003 - CONTROL NUMBER IDENTIFIER |
| control field |
AR-BaISA |
| 005 - DATE AND TIME OF LATEST TRANSACTION |
| control field |
20220601183959.0 |
| 007 - PHYSICAL DESCRIPTION FIXED FIELD--GENERAL INFORMATION |
| fixed length control field |
ta |
| 008 - FIXED-LENGTH DATA ELEMENTS--GENERAL INFORMATION |
| fixed length control field |
180717t2012 sp ad||| |||| 00| 0 spa d |
| 020 ## - INTERNATIONAL STANDARD BOOK NUMBER |
| International Standard Book Number |
9788427715080 |
| 040 ## - CATALOGING SOURCE |
| Transcribing agency |
AR-BaISA |
| 082 04 - DEWEY DECIMAL CLASSIFICATION NUMBER |
| Edition number |
22 |
| Classification number |
371.1 D33 |
| 100 10 - MAIN ENTRY--PERSONAL NAME |
| 9 (RLIN) |
1155 |
| Personal name |
Day, Christopher |
| Relator term |
aut. |
| 245 10 - TITLE STATEMENT |
| Title |
Pasión por enseñar: |
| Remainder of title |
la identidad personal y profesional del docente y sus valores / |
| Statement of responsibility, etc. |
Christopher Day |
| 250 ## - EDITION STATEMENT |
| Edition statement |
4ª ed. |
| 260 ## - PUBLICATION, DISTRIBUTION, ETC. |
| Place of publication, distribution, etc. |
Madrid: |
| Name of publisher, distributor, etc. |
Narcea, |
| Date of publication, distribution, etc. |
[2012] |
| 300 ## - PHYSICAL DESCRIPTION |
| Extent |
212 p.: |
| Other physical details |
il., graf. |
| 490 1# - SERIES STATEMENT |
| Serie |
Educadores XXI |
| 504 ## - BIBLIOGRAPHY, ETC. NOTE |
| Bibliography, etc. note |
Bibliografía p: [193]-212 |
| 505 ## - FORMATTED CONTENTS NOTE |
| Title |
La necesidad de la pasión -- |
| -- |
Fines morales: afecto, valor y las voces de los alumnos -- |
| -- |
Emociones, sentimientos e identidad personal y profesional -- |
| -- |
La pasión y el compromiso: satisfacción en el trabajo, motivación y autoeficacia -- |
| -- |
Construir el saber sobre la práctica -- |
| -- |
Pasión por el propio aprendizaje y por el desarrollo profesional -- |
| -- |
Comunidades de aprendizajes apasionadas -- |
| -- |
Mantener la pasión |
| 650 14 - SUBJECT ADDED ENTRY--TOPICAL TERM |
| 9 (RLIN) |
290 |
| Topical term or geographic name entry element |
Docencia |
| 650 14 - SUBJECT ADDED ENTRY--TOPICAL TERM |
| 9 (RLIN) |
653 |
| Topical term or geographic name entry element |
Docente |
| General subdivision |
aprendizaje |
| 650 14 - SUBJECT ADDED ENTRY--TOPICAL TERM |
| 9 (RLIN) |
287 |
| Topical term or geographic name entry element |
Educación |
| 830 #0 - SERIES ADDED ENTRY--UNIFORM TITLE |
| 9 (RLIN) |
856 |
| Uniform title |
Educadores XXI |
| 942 ## - ADDED ENTRY ELEMENTS (KOHA) |
| Source of classification or shelving scheme |
|
| Koha item type |
Libros |